2-Word TV Shows (A-Z) Quiz Stats

 Plays Quiz Updated Feb 22, 2019

Score 0/25 Timer 05:00
3 Plays Today
% Correct
Judge Judy
96.2%
South Park
93.9%
Ugly Betty
90.9%
Charlie's Angels
84%
Gilligan's Island
80.9%
Happy Days
79.6%
Full House
79.3%
New Girl
71%
Doctor Who
67.7%
Kim Possible
65.4%
Veronica Mars
62.3%
Arrested Development
49.9%
Quantum Leap
49.6%
% Correct
Mad Men
46.5%
Perry Mason
43.7%
Rescue Me
41%
Las Vegas
37.8%
White Collar
36%
Top Gear
32.5%
Battlestar Galactica
31.9%
Entertainment Tonight
29.7%
Zoey 101
29.4%
Iron Chef
28.8%
Our House
11.8%
Yes, Minister
11.5%

You're not logged in!

Compare scores with friends on all Sporcle quizzes.
OR
Log In

Sporcle TV

Today on Sporcle TV


Watch our educational content, quiz creation guides, and fun videos on Sporcle TV.

Show Comments

Extras

Top Quizzes Today


Score Distribution

Your Account Isn't Verified!

In order to create a playlist on Sporcle, you need to verify the email address you used during registration. Go to your Sporcle Settings to finish the process.

Report this User

Report this user for behavior that violates our Community Guidelines.

Details: